| 000 | 00726nam a2200241Ia 4500 | ||
|---|---|---|---|
| 003 | OSt | ||
| 005 | 20220918192243.0 | ||
| 006 | a|||||r|||| 00| 0 | ||
| 007 | ta | ||
| 008 | 220917b |||||||| |||| 00| 0 eng d | ||
| 024 | _a67,674 | ||
| 037 | _cTextual | ||
| 040 |
_aARTS _cARTS _beng |
||
| 041 |
_2eng _aeng |
||
| 082 | _aR3xM42,V, D2 (ER) | ||
| 100 | _aJames William | ||
| 245 | 0 |
_aVarieties of religious experience _b a study in human nature |
|
| 260 |
_aNew York _bModern Library _c1929 |
||
| 490 | _aGifford lectures on natural religion , 1901-2 | ||
| 650 |
_aPHILOSOPHERS; MAXWELL, JAMES CLERK _978769 |
||
| 942 |
_hR3xM42,V, D2 (ER) _cTEXL _2CC |
||
| 999 |
_c193907 _d193907 |
||